Ηλεκτρονικό μαθησιακό περιβάλλον για την πρώτη ανάγνωση : διπλωματική εργασία [πτυχιακή εργασία]

Αποθηκεύτηκε σε:
Λεπτομέρειες βιβλιογραφικής εγγραφής
Κύριος συγγραφέας: Παπαδάκης, Δημήτριος
Συγγραφή απο Οργανισμό/Αρχή: Πανεπιστήμιο Αιγαίου. Σχολή Ανθρωπιστικών Επιστημών. Παιδαγωγικό Τμήμα Δημοτικής Εκπαίδευσης
Άλλοι συγγραφείς: Κούρτη-Καζούλλη, Βασιλεία (Εισηγητής διατριβής)
Μορφή: Thesis Βιβλίο
Γλώσσα:Greek
Δημοσίευση: 2012
Θέματα:
Διαθέσιμο Online:http://hdl.handle.net/11610/5984
Ετικέτες: Προσθήκη ετικέτας
Δεν υπάρχουν, Καταχωρήστε ετικέτα πρώτοι!

MARC

LEADER 00000cam a2200000 i 4500
001 1/25286
008 130201s2012 gre d
035 |l 10113616 
040 |a GR-MY-UA  |b gre  |e aacr 
041 0 |a gre 
082 0 |a 371.33  |2 (22) 
100 1 |a Παπαδάκης, Δημήτριος. 
245 1 0 |a Ηλεκτρονικό μαθησιακό περιβάλλον για την πρώτη ανάγνωση :  |b διπλωματική εργασία [πτυχιακή εργασία] /  |c Παπαδάκης Δημήτριος ; επιβλέπουσα: Καζούλλη Βασιλεία 
260 |c 2012 
300 |a 48 σ.;  |b εικ.;  |c 30 εκ. 
500 |a Μέλη εξεταστικής επιτροπής: Τσολακίδης Κωνσταντίνος, Οικονομάκου Μαριάνθη 
502 # # |a Πτυχιακή εργασία – Πανεπιστήμιο Αιγαίου, Ρόδος, 2012. 
504 |a Βιβλιογραφία: σ. 47-48 
650 0 0 |a Education  |x Data processing. 
650 0 0 |a Programmed instruction. 
650 0 0 |a Language arts  |x Computer-assisted instruction. 
650 0 0 |a Dissertations, Academic  |z Greece. 
700 1 |a Κούρτη-Καζούλλη, Βασιλεία.  |4 ths 
710 2 |a Πανεπιστήμιο Αιγαίου.   |b Σχολή Ανθρωπιστικών Επιστημών.   |b Παιδαγωγικό Τμήμα Δημοτικής Εκπαίδευσης. 
852 |a INST  |b RHODES  |c DIATR  |e 20130201  |h 371.33 ΠΑΠ  |p 005400034860  |q 005400034860  |t DIE  |y 23 
852 |a INST  |b RHODES  |c DIATR  |e 20130201  |h 371.33 ΠΑΠ  |p 005400034861  |q 005400034861  |t DIE  |y 23 
856 |u http://hdl.handle.net/11610/5984 
901 |a BIBL4-2013-1 
909 |a Ρ  |b 176399 
909 |a Ρ  |b 176400 
924 |a ΠΑΠΑΔΑΚΗΣ  |b ΔΗΜΗΤΡΙΟΣ  |y ΡΟΔΟΣ  |z 2012 
970 |z 2013/02/01